Brother of the more famous Jack / (Record no. 4979)
[ view plain ]
| 000 -LEADER | |
|---|---|
| fixed length control field | 00623nam a2200229 a 4500 |
| 001 - CONTROL NUMBER | |
| JCCL Control Number | 4979 |
| 003 - CONTROL NUMBER IDENTIFIER | |
| JCCL marc code | BD-JhCC |
| 005 - DATE AND TIME OF LATEST TRANSACTION | |
| control field | 20171206110620.0 |
| 008 - FIXED-LENGTH DATA ELEMENTS--GENERAL INFORMATION | |
| fixed length control field | 980427r19981982enk 000 1 eng d |
| 020 ## - INTERNATIONAL STANDARD BOOK NUMBER | |
| International Standard Book Number | 014027491x |
| 035 ## - SYSTEM CONTROL NUMBER | |
| system control number | (BD-JhCC)4979 |
| 040 ## - CATALOGING SOURCE | |
| Original cataloging agency | BD-JhCC |
| Modifying agency | BD-JhCC |
| 041 ## - LANGUAGE CODE | |
| Language code of Book | eng |
| 082 0# - DEWEY DECIMAL CLASSIFICATION NUMBER | |
| Classification number | 823.914 |
| DDC Edition number | 21 |
| Author mark and Year | TRA 1998 |
| 100 1# - MAIN ENTRY--PERSONAL NAME | |
| Personal name | Trapido, Barbara. |
| 245 10 - TITLE STATEMENT | |
| Title | Brother of the more famous Jack / |
| Statement of responsibility, etc | Barbara Trapido. |
| 260 ## - PUBLICATION, DISTRIBUTION, ETC. (IMPRINT) | |
| Place of publication, distribution, etc | London : |
| Name of publisher, distributor, etc | Penguin, |
| Date of publication, distribution, etc | 1998. |
| 300 ## - PHYSICAL DESCRIPTION | |
| Pagination | 223 p. ; |
| Dimensions | 20 cm. |
| 500 ## - GENERAL NOTE | |
| General note | Originally published: London : Gollancz, 1982. |
| 650 ## - SUBJECT ADDED ENTRY--TOPICAL TERM | |
| Topical term or geographic name as entry element | Short Stories, English |
| 942 ## - ADDED ENTRY ELEMENTS (KOHA) | |
| Source of classification or shelving scheme | Dewey Decimal Classification |
| Koha item type | Books |
| Source of classification or shelving scheme | Damaged status | Not for loan | Home library | Current library | Shelving location | Date of accession | Source of acquisition | Cost, normal purchase price | Total Checkouts | Full call number | Barcode | Checked out | Date last seen | Date checked out | Copy number | Koha item type |
|---|---|---|---|---|---|---|---|---|---|---|---|---|---|---|---|---|
| Dewey Decimal Classification | JCC Rouf Library | JCC Rouf Library | General Stacks | 12/06/2017 | Stowe School Library | 7.00 | 1 | 823.914 TRA 1998 | 6912 | 12/10/2025 | 11/16/2025 | 11/16/2025 | C- 1 | Books |